El Poder Soviético y la situación de la mujer | El Día internacional de las obreras (Запись № 11107161)
[ простой вид ]
| 000 -МАРКЕР | |
|---|---|
| контрольное поле | 00961nam0a22002891 4500 |
| 001 - ИДЕНТИФИКАТОР ЗАПИСИ | |
| контрольное поле | RU\INGAK2\INFOCOMM_322\NLR\5000152029 |
| 005 - ИДЕНТИФИКАТОР ВЕРСИИ | |
| контрольное поле | 20250625202710.0 |
| 035 ## - ДРУГИЕ СИСТЕМНЫЕ НОМЕРА | |
| Идентификатор записи | (NLR Aleph) 011030445 |
| 100 ## - ДАННЫЕ ОБЩЕЙ ОБРАБОТКИ | |
| Данные общей обработки | 20130205d1955 |||y0rusy50 ca |
| 101 0# - ЯЗЫК РЕСУРСА | |
| Язык текста, звукозаписи и т.д. | испанский, кастильский испанский |
| 102 ## - СТРАНА ПУБЛИКАЦИИ ИЛИ ПРОИЗВОДСТВА | |
| Страна публикации | российская федерация |
| 105 ## - ПОЛЕ КОДИРОВАННЫХ ДАННЫХ: ТЕКСТОВЫЕ МАТЕРИАЛЫ, МОНОГРАФИЧЕСКИЕ | |
| Кодированные данные о монографическом текстовом документе | y z|||| |
| 200 1# - ЗАГЛАВИЕ И СВЕДЕНИЯ ОБ ОТВЕТСТВЕННОСТИ | |
| Основное заглавие | El Poder Soviético y la situación de la mujer |
| -- | El Día internacional de las obreras |
| 210 ## - ПУБЛИКАЦИЯ, РАСПРОСТРАНЕНИЕ И ДР. | |
| Место издания, распространения и т.д. | M. |
| Имя издателя, распространителя и т. д. | Ed. en lenguas extranjeras |
| Дата издания, распространения и т.д. | 1955 |
| 215 ## - ФИЗИЧЕСКАЯ ХАРАКТЕРИСТИКА | |
| Специфическое обозначение материала и объем | 16 с. |
| Размеры | 20 см |
| 500 10 - УНИФИЦИРОВАННОЕ ЗАГЛАВИЕ | |
| Связь между полями | z01702 |
| Унифицированное заглавие | El Día internacional de las obreras |
| Язык (если является частью заголовка) | spa |
| 620 ## - МЕСТО И ДАТА ПУБЛИКАЦИИ, ИСПОЛНЕНИЯ И Т. Д. | |
| Страна | Москва |
| 686 ## - ИНДЕКСЫ ДРУГИХ КЛАССИФИКАЦИЙ | |
| Индекс | М-Л160 |
| Код системы | |
| 700 #1 - ИМЯ ЛИЦА - ПЕРВИЧНАЯ ОТВЕТСТВЕННОСТЬ | |
| Начальный элемент ввода | Lenin |
| Часть имени, кроме начального элемента ввода | V. I. |
| Даты | 1870-1924 |
| Расширение инициалов личного имени | Vladimir Il'ič |
| 702 #1 - ИМЯ ЛИЦА - ВТОРИЧНАЯ ОТВЕТСТВЕННОСТЬ | |
| Связь между полями | z01500 |
| Системный номер авторитетной/нормативной записи | z02790 |
| Начальный элемент ввода | Lenin |
| Часть имени, кроме начального элемента ввода | V. I. |
| Даты | 1870-1924 |
| Расширение инициалов личного имени | Vladimir Il'ič |
| Код отношения | Прочие |
| 790 #1 - ИМЯ ЛИЦА - АЛЬТЕРНАТИВНАЯ ФОРМА | |
| Системный номер авторитетной/нормативной записи | z02702 |
| Начальный элемент ввода | Lenin |
| Часть имени, кроме начального элемента ввода | V. I. |
| Расширение инициалов личного имени | Vladimir Ilich |
| Код отношения | Автор идеи, слогана |
| 801 #1 - ИСТОЧНИК ЗАПИСИ | |
| Страна | российская федерация |
| Организация | InfoComm |
| Дата составления | 20130205 |
| 801 #0 - ИСТОЧНИК ЗАПИСИ | |
| Страна | российская федерация |
| Организация | NLR |
| Правила каталогизации | PSBO |
| 852 ## - МЕСТОНАХОЖДЕНИЕ И ШИФР ХРАНЕНИЯ | |
| Идентификатор организации | NLR |
| Шифр хранения (Call Number) | Л 112-Сб/2-1 |
| Публикуемое примечание | 2 экз. |
| 942 ## - ДОПОЛНИТЕЛЬНЫЕ ЭЛЕМЕНТЫ ЗАПИСИ (АБИС) | |
| Тип экземпляра АБИС | Книга |
| 980 ## - КОЛЛЕКЦИЯ | |
| Название коллекции | Национальная библиография |
Нет доступных экземпляров.